000
00326 a2200109 4500
001
ART_7799
005
20260410161638.0
008
260409a
245
1
0
_a
Recientes reformas fiscales en América Latina
100
1
_a
Edelstein, Andrés M.
773
0
_t
Consultor tributario
_g
- Nº 11 (ene. 2008)
_w
REV474
999
_c
13047
_d
13047